A practical guide to managing systemic financial crises: a review of approaches taken in Indonesia, the republic of Korea, and Thailand (Record no. 287917)

000 -LEADER
fixed length control field 00714cam a22001817a 4500
008 - FIXED-LENGTH DATA ELEMENTS--GENERAL INFORMATION
fixed length control field 180718b2002 xxu||||| |||| 00| 0 eng d
100 ## - MAIN ENTRY--PERSONAL NAME
Personal name Scott, David
245 ## - TITLE STATEMENT
Title A practical guide to managing systemic financial crises: a review of approaches taken in Indonesia, the republic of Korea, and Thailand
Statement of responsibility, etc. by David Scott
260 ## - PUBLICATION, DISTRIBUTION, ETC.
Place of publication, distribution, etc. Washington, D.C.
Name of publisher, distributor, etc. World Bank
Date of publication, distribution, etc. 2002
300 ## - PHYSICAL DESCRIPTION
Extent 96p.
440 ## - SERIES STATEMENT/ADDED ENTRY--TITLE
Title Policy research working paper, no. 2843
650 ## - SUBJECT ADDED ENTRY--TOPICAL TERM
Topical term or geographic name entry element Crisis management --Thailand.
650 ## - SUBJECT ADDED ENTRY--TOPICAL TERM
Topical term or geographic name entry element Crisis management --Korea (South)
650 ## - SUBJECT ADDED ENTRY--TOPICAL TERM
Topical term or geographic name entry element Crisis management --Indonesia
650 ## - SUBJECT ADDED ENTRY--TOPICAL TERM
Topical term or geographic name entry element Financial crises --Thailand
650 ## - SUBJECT ADDED ENTRY--TOPICAL TERM
Topical term or geographic name entry element Financial crises --Korea (South)
650 ## - SUBJECT ADDED ENTRY--TOPICAL TERM
Topical term or geographic name entry element Financial crises --Indonesia
Holdings
Withdrawn status Lost status Damaged status Not for loan Permanent Location Current Location Date acquired Barcode Date last seen Price effective from Koha item type
        Indian Institute of Public Administration Indian Institute of Public Administration 2002-09-13 WB9290 2018-07-20 2018-07-20 WB

Powered by Koha